Southville International School and Colleges
Your cart is empty.
  • Cart
  • Lists
    Public lists Eva Luna New books Lux_list list_1
    Your lists Log in to create your own lists
  • Log in to your account
  • Your cookies
  • Search history
Southville International School and Colleges
  • Advanced search
  • Recent comments
  • Most popular
  • Libraries

Log in to your account

Log in with GOOGLE


If you do not have an external account, but do have a local account, you can still log in:

  1. Home
  2. MARC view: The no-cry sleep solution :
Normal view MARC view ISBD view

The no-cry sleep solution : (Record no. 344663)

[ view plain ]
MARC details
000 -LEADER
fixed length control field 00792nam a2200301Ia 4500
008 - FIXED-LENGTH DATA ELEMENTS--GENERAL INFORMATION
fixed length control field 171025s9999 xx 000 0 und d
020 ## - INTERNATIONAL STANDARD BOOK NUMBER
International Standard Book Number 71381392
050 ## - LIBRARY OF CONGRESS CALL NUMBER
Classification number 618.92
050 ## - LIBRARY OF CONGRESS CALL NUMBER
Item number P197 2002
100 ## - MAIN ENTRY--PERSONAL NAME
Personal name Pantley, Elizabeth
245 #4 - TITLE STATEMENT
Title The no-cry sleep solution :
245 ## - TITLE STATEMENT
Remainder of title gentle ways to help your baby sleep through the night /
245 ## - TITLE STATEMENT
Statement of responsibility, etc by Elizabeth Pantley.
260 ## - PUBLICATION, DISTRIBUTION, ETC. (IMPRINT)
Place of publication, distribution, etc Philippines :
260 ## - PUBLICATION, DISTRIBUTION, ETC. (IMPRINT)
Name of publisher, distributor, etc McGraw Hill,
260 ## - PUBLICATION, DISTRIBUTION, ETC. (IMPRINT)
Date of publication, distribution, etc 2002
300 ## - PHYSICAL DESCRIPTION
Extent xv, 254 pages :
300 ## - PHYSICAL DESCRIPTION
Other physical details illustrations ;
300 ## - PHYSICAL DESCRIPTION
Dimensions 20cm.
500 ## - GENERAL NOTE
General note Includes index.
650 ## - SUBJECT ADDED ENTRY--TOPICAL TERM
Topical term or geographic name as entry element Child reading.
650 ## - SUBJECT ADDED ENTRY--TOPICAL TERM
Topical term or geographic name as entry element Families --
650 ## - SUBJECT ADDED ENTRY--TOPICAL TERM
Topical term or geographic name as entry element Infants (Newborn) --
650 ## - SUBJECT ADDED ENTRY--TOPICAL TERM
Topical term or geographic name as entry element Sleep disorders in children.
650 ## - SUBJECT ADDED ENTRY--TOPICAL TERM
General subdivision Parent and child.
650 ## - SUBJECT ADDED ENTRY--TOPICAL TERM
General subdivision Sleep.
700 ## - ADDED ENTRY--PERSONAL NAME
Personal name Title.
Holdings
Withdrawn status Lost status Damaged status Home library Current library Date acquired Total Checkouts Full call number Barcode Date last seen Price effective from Koha item type
      Stonyhurst Southville International School (Malarayat) Stonyhurst Southville International School (Malarayat) 10/25/2017   NF 618.92 P197 2002 SSISM3716 10/25/2017 10/25/2017 Books

The no-cry sleep solution :

APA

Pantley E., Title, .The no-cry sleep solution. Philippines: .

Chicago

Pantley Elizabeth, Title, .The no-cry sleep solution. Philippines: .

Harvard

Pantley E., Title, .The no-cry sleep solution. Philippines: .

MLA

Pantley Elizabeth, Title, .Philippines: . .

  • Place hold
  • Print
  • Cite
  • Add to your cart (remove)
  • Save record
    BIBTEX Dublin Core MARCXML MARC (non-Unicode/MARC-8) MARC (Unicode/UTF-8) MARC (Unicode/UTF-8, Standard) MODS (XML) RIS
  • More searches
    Search for this title in:
    Other Libraries (WorldCat) Other Databases (Google Scholar) Online Stores (Bookfinder.com) Open Library (openlibrary.org)

Exporting to Dublin Core...

SOUTHVILLE LIBRARY

Southville International School and Colleges Library

1281 Tropical Ave. Cor. Luxembourg St., BF Homes International, Las Pinas City

Tel. No. 8256374 / 252358 Loc. 117/146

Powered by Koha